[Event "Athens Papanastasio op 13th"]
[Site "Athens"]
[Date "2023.09.12"]
[Round "2"]
[White "Ter Gevorkian, Giannis"]
[Black "Hronopoulos, Dimitrios"]
[Result "1-0"]
[WhiteElo "1849"]
[BlackElo "1289"]
[PlyCount "71"]
[EventDate "2023.09.11"]
[EventType "swiss"]
[EventRounds "7"]
[EventCountry "GRE"]
[SourceTitle "EXT 2024"]
[Source "ChessBase"]
[SourceDate "2023.10.10"]
[SourceVersion "1"]
[SourceVersionDate "2023.10.10"]
[SourceQuality "1"]

1. Nf3 d5 2. g3 c6 3. Bg2 Bf5 4. d3 h6 5. 0-0 Nf6 6. Nbd2 e6 7. b3 Be7 8. Bb2 0-0 9. Re1 Bh7 10. e4 dxe4 11. dxe4 Nbd7 12. Qe2 Qa5 13. Rad1 Rad8 14. a4 Rfe8 15. h3 Bc5 16. Ne5 Nxe5 17. Bxe5 Bxf2+ 18. Qxf2 Qxe5 19. Nc4 Qc7 20. e5 Rxd1 21. Rxd1 Nd5 22. Nd6 Rd8 23. c4 Nb6 24. a5 Nc8 25. Qc5 b6 26. axb6 Qxb6 27. b4 f6 28. Kh2 Qxc5 29. bxc5 Ne7 30. exf6 gxf6 31. Ra1 Rd7 32. Ra6 Rc7 33. Ne8 Rc8 34. Nxf6+ Kg7 35. Nxh7 Kxh7 36. Rxa7 1-0

[Event "Nikaia op 28th"]
[Site "Nikaia"]
[Date "2021.08.26"]
[Round "6"]
[White "Fragkos, Vasileios"]
[Black "Ter Gevorkian, Giannis"]
[Result "1-0"]
[WhiteElo "1887"]
[BlackElo "1770"]
[PlyCount "57"]
[EventDate "2021.08.21"]
[EventType "swiss"]
[EventRounds "7"]
[EventCountry "GRE"]
[SourceTitle "CBM 204 Extra"]
[Source "ChessBase"]
[SourceDate "2021.11.30"]
[SourceVersion "1"]
[SourceVersionDate "2021.11.30"]
[SourceQuality "1"]

1. e4 c5 2. Nf3 e6 3. d4 cxd4 4. Nxd4 Nc6 5. c4 Nf6 6. Nc3 Bb4 7. Nxc6 bxc6 8. Bd3 e5 9. 0-0 0-0 10. Qe2 Re8 11. Na4 d5 12. Bg5 Be7 13. Bxf6 Bxf6 14. cxd5 cxd5 15. exd5 e4 16. Bb5 Bd7 17. Rad1 Bxb5 18. Qxb5 Rb8 19. Qe2 Qa5 20. b3 Rb5 21. Qc4 Rb4 22. Qc6 Rd8 23. d6 Bd4 24. a3 Rxa4 25. bxa4 Qe5 26. d7 Bb6 27. Rd5 Qf4 28. a5 Bc7 29. g3 1-0

[Event "EU-ch Amateur Online Final 2000/2300"]
[Site "Tornelo INT"]
[Date "2021.04.28"]
[Round "2"]
[White "Paseka, Matyas"]
[Black "Ter Gevorkian, Giannis"]
[Result "1-0"]
[WhiteElo "2069"]
[BlackElo "1770"]
[PlyCount "91"]
[EventDate "2021.04.28"]
[EventType "swiss (rapid)"]
[EventRounds "9"]
[EventCountry "NET"]
[SourceTitle "EXT 2023"]
[Source "ChessBase"]
[SourceDate "2022.10.05"]
[SourceVersion "1"]
[SourceVersionDate "2022.10.05"]
[SourceQuality "1"]

1. e4 c5 2. Nf3 e6 3. d4 cxd4 4. Nxd4 Nc6 5. Nc3 Qc7 6. Nxc6 bxc6 7. Bd3 Nf6 8. 0-0 Be7 9. f4 d5 10. Qf3 0-0 11. Kh1 Bb7 12. Bd2 Rfd8 13. Rae1 c5 14. exd5 exd5 15. Qe2 Re8 16. Bb5 Bc6 17. Bxc6 Qxc6 18. Qf3 Bf8 19. Re5 Bd6 20. Nxd5 Nxd5 21. Qxd5 Qa6 22. Rxe8+ Rxe8 23. Rd1 Qe2 24. Bc3 Bxf4 25. g3 Be3 26. Re1 Qf2 27. Qg2 Qxg2+ 28. Kxg2 Re7 29. h4 c4 30. Kf3 Bc5 31. Rxe7 Bxe7 32. Ke4 g6 33. Kd5 Kf8 34. Kxc4 Bd6 35. Be1 f5 36. Kd5 Be7 37. c4 Ke8 38. c5 h6 39. b4 Kd8 40. b5 Kc7 41. Ba5+ Kb7 42. c6+ Kc8 43. Ke6 Bd8 44. Bd2 g5 45. hxg5 hxg5 46. Kxf5 1-0

[Event "EU-ch Amateur Online Final 2000/2300"]
[Site "Tornelo INT"]
[Date "2021.04.28"]
[Round "1"]
[White "Ter Gevorkian, Giannis"]
[Black "Papidakis, Georgios"]
[Result "0-1"]
[WhiteElo "1770"]
[BlackElo "2135"]
[PlyCount "66"]
[EventDate "2021.04.28"]
[EventType "swiss (rapid)"]
[EventRounds "9"]
[EventCountry "NET"]
[SourceTitle "EXT 2023"]
[Source "ChessBase"]
[SourceDate "2022.10.05"]
[SourceVersion "1"]
[SourceVersionDate "2022.10.05"]
[SourceQuality "1"]

1. e4 e5 2. Nf3 Nc6 3. Bb5 g6 4. c3 a6 5. Ba4 Bg7 6. d4 exd4 7. cxd4 b5 8. Bb3 Nge7 9. d5 Na5 10. Bc2 0-0 11. Nc3 d6 12. 0-0 Bb7 13. Nd4 c6 14. dxc6 Nexc6 15. Nxc6 Bxc6 16. Bf4 Nc4 17. Bc1 Rc8 18. Rb1 Re8 19. Re1 Bb7 20. Qd3 Qh4 21. g3 Qh3 22. f3 Ne5 23. Qe2 b4 24. f4 Ng4 25. Nd1 Bd4+ 26. Be3 Nxe3 27. Nxe3 Bxe3+ 28. Qxe3 Rxc2 29. Re2 Rxe2 30. Qxe2 Rxe4 31. Qd2 Qe6 32. Rd1 Re2 33. Qd4 Rg2+ 0-1

[Event "EU-ch Amateur Online Final 1700/2000"]
[Site "Tornelo INT"]
[Date "2021.04.25"]
[Round "7"]
[White "Ter Gevorkian, Giannis"]
[Black "Boci, Petro"]
[Result "1-0"]
[WhiteElo "1770"]
[BlackElo "1442"]
[PlyCount "159"]
[EventDate "2021.04.25"]
[EventType "swiss (rapid)"]
[EventRounds "9"]
[EventCountry "NET"]
[SourceTitle "EXT 2023"]
[Source "ChessBase"]
[SourceDate "2022.10.05"]
[SourceVersion "1"]
[SourceVersionDate "2022.10.05"]
[SourceQuality "1"]

1. e4 c5 2. Nf3 Nc6 3. d4 cxd4 4. Nxd4 Nf6 5. Nc3 e5 6. Ndb5 d6 7. Bg5 a6 8. Bxf6 gxf6 9. Na3 f5 10. Nc4 fxe4 11. Nxe4 d5 12. Qxd5 Be6 13. Ncd6+ Bxd6 14. Qxd6 Qxd6 15. Nxd6+ Ke7 16. 0-0-0 b5 17. Ne4 Rac8 18. a3 Nd4 19. Nc3 Rhd8 20. Bd3 h6 21. Kb1 f5 22. f3 Rg8 23. Rd2 Rg7 24. Re1 Kf6 25. Bf1 Rd8 26. f4 e4 27. Nd1 Rgd7 28. Ne3 h5 29. Red1 h4 30. h3 Nc6 31. Rxd7 Rxd7 32. Rxd7 Bxd7 33. Kc1 Nd4 34. b3 Ne6 35. Nd5+ Kf7 36. Kd2 Bc6 37. Nb4 Bb7 38. Ke3 Nc7 39. c4 a5 40. Nc2 bxc4 41. Bxc4+ Kf6 42. b4 axb4 43. Nxb4 Ne8 44. Bd5 Bc8 45. a4 Nd6 46. a5 Nb5 47. a6 Na7 48. Bb7 Be6 49. Nc6 Nb5 50. a7 Nxa7 51. Nxa7 Bc4 52. Nc6 Bf1 53. Kf2 Bc4 54. Nd4 Kg6 55. Bc6 Kh5 56. Be8+ Kh6 57. Bd7 Kh5 58. Bxf5 Bd5 59. Be6 Bc4 60. Bxc4 Kg6 61. Ke3 Kf6 62. Kxe4 Kg7 63. f5 Kf6 64. Kf4 Ke7 65. Ke5 Kf8 66. f6 Ke8 67. Bd3 Kf8 68. Ke6 Kg8 69. Nf5 Kf8 70. Be4 Kg8 71. Nxh4 Kf8 72. g4 Kg8 73. g5 Kf8 74. g6 Kg8 75. Nf3 Kf8 76. h4 Kg8 77. h5 Kh8 78. h6 Kg8 79. f7+ Kf8 80. g7# 1-0

[Event "EU-ch Amateur Online 1700/2000"]
[Site "Tornelo INT"]
[Date "2021.04.24"]
[Round "2"]
[White "Kosta, Kelvin"]
[Black "Ter Gevorkian, Giannis"]
[Result "1-0"]
[WhiteElo "1223"]
[BlackElo "1770"]
[PlyCount "59"]
[EventDate "2021.04.24"]
[EventType "swiss (rapid)"]
[EventRounds "8"]
[EventCountry "NET"]
[SourceTitle "EXT 2023"]
[Source "ChessBase"]
[SourceDate "2022.10.05"]
[SourceVersion "1"]
[SourceVersionDate "2022.10.05"]
[SourceQuality "1"]

1. e4 c5 2. Nf3 e6 3. b3 b6 4. Bb2 Bb7 5. d3 Nf6 6. g3 d5 7. e5 Nfd7 8. d4 Nc6 9. Bb5 a6 10. Bxc6 Bxc6 11. 0-0 Be7 12. Re1 0-0 13. Nbd2 Rc8 14. Nf1 Qc7 15. Ne3 Rfd8 16. c3 b5 17. h4 Bb7 18. Rc1 Qb8 19. Ng5 Bxg5 20. hxg5 b4 21. cxb4 cxb4 22. Qh5 Rxc1 23. Bxc1 Qa7 24. Bb2 Rc8 25. Ng4 g6 26. Qh6 Kh8 27. Nf6 Nxf6 28. gxf6 Rg8 29. Kg2 g5 30. Rh1 1-0

[Event "EU-ch Amateur Online 1700/2000"]
[Site "Tornelo INT"]
[Date "2021.04.24"]
[Round "4"]
[White "Nikolovski, Kiril"]
[Black "Ter Gevorkian, Giannis"]
[Result "1-0"]
[WhiteElo "1276"]
[BlackElo "1770"]
[PlyCount "101"]
[EventDate "2021.04.24"]
[EventType "swiss (rapid)"]
[EventRounds "8"]
[EventCountry "NET"]
[SourceTitle "EXT 2023"]
[Source "ChessBase"]
[SourceDate "2022.10.05"]
[SourceVersion "1"]
[SourceVersionDate "2022.10.05"]
[SourceQuality "1"]

1. e4 c5 2. Nc3 e6 3. f4 d5 4. Nf3 Nc6 5. Bb5 Nf6 6. Bxc6+ bxc6 7. d3 dxe4 8. dxe4 Qxd1+ 9. Kxd1 Ba6 10. Be3 0-0-0+ 11. Ke1 Ng4 12. Bf2 Nxf2 13. Kxf2 f6 14. Rad1 Be7 15. e5 f5 16. Rxd8+ Rxd8 17. Rd1 Bc4 18. h3 Bd5 19. g4 c4 20. Nd4 Bc5 21. gxf5 exf5 22. Nxd5 Rxd5 23. c3 g6 24. Kf3 Kd7 25. Kg3 Bxd4 26. Rxd4 Ke6 27. Rxd5 cxd5 28. Kf2 g5 29. Kf3 h6 30. Ke3 a5 31. a4 Kf7 32. Kf3 Ke6 33. Ke3 Kd7 34. Kf3 Kc6 35. Ke3 Kc5 36. Kf3 Kc6 37. Ke3 g4 38. hxg4 fxg4 39. f5 h5 40. Kf4 Kd7 41. e6+ Ke8 42. f6 Kf8 43. Ke5 g3 44. Kd6 g2 45. Kd7 g1Q 46. e7+ Kf7 47. e8Q+ Kxf6 48. Qe6+ Kg7 49. Qe5+ Kh7 50. Qxh5+ Kg7 51. Qe5+ 1-0

[Event "EU-ch Amateur Online 1700/2000"]
[Site "Tornelo INT"]
[Date "2021.04.24"]
[Round "6"]
[White "Radzimski, Antoni"]
[Black "Ter Gevorkian, Giannis"]
[Result "0-1"]
[WhiteElo "1271"]
[BlackElo "1770"]
[PlyCount "72"]
[EventDate "2021.04.24"]
[EventType "swiss (rapid)"]
[EventRounds "8"]
[EventCountry "NET"]
[SourceTitle "EXT 2023"]
[Source "ChessBase"]
[SourceDate "2022.10.05"]
[SourceVersion "1"]
[SourceVersionDate "2022.10.05"]
[SourceQuality "1"]

1. e4 c5 2. Nf3 e6 3. d4 cxd4 4. Nxd4 Nc6 5. Nc3 Qc7 6. Be3 a6 7. g3 d6 8. Bg2 Bd7 9. 0-0 Nf6 10. a3 Be7 11. Qd2 Ne5 12. Qc1 0-0 13. h3 Rac8 14. f4 Nc4 15. g4 Nxb2 16. Qxb2 Qxc3 17. Qxc3 Rxc3 18. Bd2 Rc4 19. c3 Rfc8 20. e5 dxe5 21. fxe5 Nd5 22. Bxd5 exd5 23. Kh2 Be6 24. Rfb1 b5 25. Rb3 h6 26. Kg3 Bg5 27. Bxg5 Rxc3+ 28. Kf4 hxg5+ 29. Kxg5 Rxb3 30. Nxb3 Rc3 31. Nd4 Rd3 32. Nc6 Rxh3 33. a4 Rg3 34. axb5 Rxg4+ 35. Kh5 Kh7 36. b6 g6# 0-1

[Event "GRE-ch Online Blitz op 1st"]
[Site "Tornelo INT"]
[Date "2021.02.07"]
[Round "16"]
[White "Kalogridis, Antonios"]
[Black "Ter Gevorkian, Giannis"]
[Result "0-1"]
[WhiteElo "1424"]
[BlackElo "1634"]
[PlyCount "134"]
[EventDate "2021.02.07"]
[EventType "swiss (blitz)"]
[EventRounds "16"]
[EventCountry "GRE"]
[SourceTitle "EXT 2023"]
[Source "ChessBase"]
[SourceDate "2022.10.05"]
[SourceVersion "1"]
[SourceVersionDate "2022.10.05"]
[SourceQuality "1"]

1. d4 Nf6 2. c4 g6 3. Nc3 Bg7 4. e4 d6 5. Nf3 0-0 6. h3 e5 7. d5 c6 8. Be3 cxd5 9. cxd5 a6 10. Be2 b5 11. a3 Nbd7 12. Rc1 Nb6 13. Na2 Nxe4 14. Nb4 Nf6 15. Nc6 Qd7 16. Bxb6 Bb7 17. 0-0 Rac8 18. a4 Nxd5 19. Qxd5 Bxc6 20. Qd2 d5 21. axb5 axb5 22. Bc5 Rfe8 23. b4 d4 24. Rfd1 Ra8 25. Ra1 Rad8 26. Ra7 Qd5 27. Bf1 e4 28. Nxd4 Ba8 29. Qa2 e3 30. Qxd5 exf2+ 31. Kxf2 Rxd5 32. Bxb5 Red8 33. Rxa8 Rxa8 34. Bc6 Ra2+ 35. Kf3 Rd8 36. b5 Ra4 37. b6 Rc4 38. Be7 Rcxd4 39. Rxd4 Rxd4 40. b7 Be5 41. Bc5 Rc4 42. Ba7 Rxc6 43. Ke4 Bc7 44. b8Q+ Bxb8 45. Bxb8 Rc2 46. Kf3 h6 47. Be5 f5 48. Bf4 g5 49. Be5 Ra2 50. Bd4 Kf7 51. Be5 Kg6 52. Bd4 Ra3+ 53. Kf2 Rd3 54. Ba1 f4 55. Bh8 Rb3 56. Bd4 h5 57. Bh8 g4 58. hxg4 hxg4 59. Be5 Kf5 60. Bc7 Ra3 61. Bd6 Ra2+ 62. Kf1 Ke4 63. Kg1 g3 64. Kf1 Kd3 65. Bb4 Rb2 66. Be1 Rb1 67. Kg1 Rxe1# 0-1

[Event "GRE-ch Online Blitz op 1st"]
[Site "Tornelo INT"]
[Date "2021.02.07"]
[Round "2"]
[White "Kapnakis, Konstantinos"]
[Black "Ter Gevorkian, Giannis"]
[Result "0-1"]
[WhiteElo "1044"]
[BlackElo "1634"]
[PlyCount "78"]
[EventDate "2021.02.07"]
[EventType "swiss (blitz)"]
[EventRounds "16"]
[EventCountry "GRE"]
[SourceTitle "EXT 2023"]
[Source "ChessBase"]
[SourceDate "2022.10.05"]
[SourceVersion "1"]
[SourceVersionDate "2022.10.05"]
[SourceQuality "1"]

1. e4 e5 2. Nf3 Nc6 3. Bc4 Bc5 4. c3 d6 5. d4 exd4 6. cxd4 Bb4+ 7. Nc3 Nf6 8. 0-0 0-0 9. d5 Ne7 10. Ne2 Nxe4 11. Ng3 Nxg3 12. fxg3 Ng6 13. Bg5 f6 14. Bd2 Bc5+ 15. Kh1 a5 16. Bc3 Bg4 17. Qd3 Bxf3 18. Qxf3 Qd7 19. Rae1 b5 20. Bd3 b4 21. Bf5 Qd8 22. Bxg6 hxg6 23. Bd2 Qd7 24. Re6 Rae8 25. Rfe1 Bd4 26. Qd3 Be5 27. Qxg6 Rxe6 28. dxe6 Qxe6 29. Bh6 Qf7 30. Qxf7+ Rxf7 31. Bf4 Re7 32. Bxe5 Rxe5 33. Rxe5 fxe5 34. Kg1 Kf7 35. Kf2 Kf6 36. Ke3 d5 37. g4 c5 38. h4 g6 39. g3 a4 0-1

[Event "GRE-ch Online Blitz op 1st"]
[Site "Tornelo INT"]
[Date "2021.02.07"]
[Round "5"]
[White "Ter Gevorkian, Giannis"]
[Black "Margaritis, Ioannis M"]
[Result "1-0"]
[WhiteElo "1634"]
[BlackElo "1097"]
[PlyCount "141"]
[EventDate "2021.02.07"]
[EventType "swiss (blitz)"]
[EventRounds "16"]
[EventCountry "GRE"]
[SourceTitle "EXT 2023"]
[Source "ChessBase"]
[SourceDate "2022.10.05"]
[SourceVersion "1"]
[SourceVersionDate "2022.10.05"]
[SourceQuality "1"]

1. e4 c5 2. Nf3 d6 3. d4 cxd4 4. Nxd4 Nf6 5. Nc3 a6 6. Bg5 Nbd7 7. f4 e6 8. Qe2 Be7 9. 0-0-0 Qc7 10. g4 b5 11. a3 Bb7 12. Bg2 h6 13. Bh4 Rc8 14. Kb1 0-0 15. Bg3 Qc4 16. Qxc4 Rxc4 17. h3 Rfc8 18. Nde2 Nxe4 19. Bxe4 Bxe4 20. Rhg1 Bf3 21. Rd2 b4 22. axb4 Rxb4 23. Rd3 Bxe2 24. Nxe2 Rcb8 25. b3 a5 26. Be1 R4b5 27. Nd4 Nc5 28. Re3 R5b6 29. Bxa5 Ra6 30. Bc3 Rba8 31. g5 hxg5 32. fxg5 Nd7 33. h4 g6 34. Rf1 Ne5 35. Bb2 Kg7 36. Re2 Kh7 37. Ref2 Rf8 38. Ne2 Ra7 39. Nc3 Kg8 40. Ne4 Kh7 41. Nf6+ Bxf6 42. Rxf6 Kg8 43. Bxe5 dxe5 44. h5 gxh5 45. g6 Re7 46. b4 Kg7 47. b5 Rb7 48. c4 Re7 49. c5 Rb7 50. b6 h4 51. Rxf7+ Rfxf7 52. Rxf7+ Rxf7 53. gxf7 h3 54. f8Q+ Kxf8 55. b7 h2 56. b8Q+ Kf7 57. Qb7+ Kf6 58. Qh1 Kf5 59. c6 e4 60. c7 Ke5 61. c8Q Kd4 62. Qc2 e5 63. Qhxh2 e3 64. Qhe2 e4 65. Qcc4+ Ke5 66. Qxe3 Kf5 67. Qexe4+ Kf6 68. Qcc6+ Kf7 69. Qee6+ Kf8 70. Qcc8+ Kg7 71. Qcg8# 1-0

[Event "GRE-ch Online Rapid op 1st"]
[Site "Tornelo INT"]
[Date "2021.02.06"]
[Round "8"]
[White "Ter Gevorkian, Giannis"]
[Black "Anastasopoulos, Angelos"]
[Result "1-0"]
[WhiteElo "1765"]
[BlackElo "1736"]
[PlyCount "103"]
[EventDate "2021.02.06"]
[EventType "swiss (rapid)"]
[EventRounds "8"]
[EventCountry "GRE"]
[SourceTitle "EXT 2023"]
[Source "ChessBase"]
[SourceDate "2022.10.05"]
[SourceVersion "1"]
[SourceVersionDate "2022.10.05"]
[SourceQuality "1"]

1. e4 e5 2. Nf3 Nc6 3. Bb5 a6 4. Ba4 Nf6 5. d3 d6 6. c3 g6 7. Nbd2 Bg7 8. Nf1 0-0 9. Ne3 Re8 10. 0-0 Nd7 11. Nd5 Nc5 12. Bc2 Ne6 13. Be3 f5 14. g3 fxe4 15. dxe4 Kh8 16. h4 h6 17. Qd2 Kh7 18. Nh2 Nf8 19. f4 Bh3 20. Rf2 Ne7 21. Nxe7 Qxe7 22. f5 Rad8 23. c4 c6 24. Re1 b5 25. Nf3 Bg4 26. Ng5+ hxg5 27. hxg5 Nd7 28. Rh2+ Kg8 29. Rh4 gxf5 30. exf5 Bf3 31. Qh2 e4 32. g4 d5 33. cxb5 axb5 34. f6 Nxf6 35. gxf6 Bxf6 36. g5 Bg7 37. Bf4 Qc5+ 38. Be3 Qd6 39. Bf4 Qc5+ 40. Be3 Qe7 41. g6 c5 42. Rh7 d4 43. Bh6 Bxh6 44. Rxe7 Be3+ 45. Rxe3 Rxe7 46. Qh4 Rde8 47. Rxf3 exf3 48. Qf6 Re1+ 49. Kf2 R1e2+ 50. Kg3 Rg2+ 51. Kh3 Rf8 52. Qe7 1-0

[Event "Ambelokipi op 177th"]
[Site "Athens"]
[Date "2020.09.23"]
[Round "2"]
[White "Ter Gevorkian, Giannis"]
[Black "Mousliadis, Nikolaos"]
[Result "1-0"]
[WhiteElo "1782"]
[BlackElo "1223"]
[PlyCount "57"]
[EventDate "2020.09.16"]
[EventType "swiss"]
[EventRounds "7"]
[EventCountry "GRE"]
[SourceTitle "EXT 2024"]
[Source "ChessBase"]
[SourceDate "2023.10.10"]
[SourceVersion "1"]
[SourceVersionDate "2023.10.10"]
[SourceQuality "1"]

1. e4 e6 2. d4 d5 3. Nc3 Nf6 4. e5 Nfd7 5. f4 c5 6. Nf3 cxd4 7. Nxd4 a6 8. Be3 Nc6 9. Be2 Bb4 10. 0-0 Bxc3 11. bxc3 0-0 12. c4 dxc4 13. Bxc4 Nxd4 14. Qxd4 Nb8 15. Rfd1 Qxd4 16. Rxd4 Nc6 17. Rd6 Rd8 18. Rad1 Rxd6 19. Rxd6 Kf8 20. Bb6 Ke8 21. Bd3 h6 22. g4 Bd7 23. Kf2 Rc8 24. a3 f6 25. Bg6+ Ke7 26. Bc5 Nxe5 27. Rc6+ Kd8 28. Rxc8+ Kxc8 29. fxe5 1-0

[Event "Ambelokipi op 174th"]
[Site "Athens"]
[Date "2019.09.25"]
[Round "2"]
[White "Ter Gevorkian, Giannis"]
[Black "Tetepoulidis, Ioannis"]
[Result "0-1"]
[WhiteElo "1748"]
[BlackElo "2137"]
[PlyCount "52"]
[EventDate "2019.09.18"]
[EventType "swiss"]
[EventRounds "7"]
[EventCountry "GRE"]
[SourceTitle "EXT 2021"]
[Source "ChessBase"]
[SourceDate "2020.10.23"]
[SourceVersion "1"]
[SourceVersionDate "2020.10.23"]
[SourceQuality "1"]

1. e4 c5 2. Nf3 e6 3. d4 cxd4 4. Nxd4 Nc6 5. Nc3 Nf6 6. Nxc6 bxc6 7. Bd3 e5 8. 0-0 d6 9. g3 Be6 10. Qe2 Be7 11. Rb1 Nd7 12. Rd1 0-0 13. Bc4 Nc5 14. Be3 Nb7 15. h4 Qc8 16. Ba6 Qc7 17. a3 Nd8 18. Qd2 f5 19. exf5 Bxf5 20. Nd5 cxd5 21. Qxd5+ Nf7 22. f4 Kh8 23. g4 Bd7 24. c4 Qc6 25. Qd3 exf4 26. Bxf4 Ne5 0-1

[Event "Ambelokipi op 168th"]
[Site "Athens"]
[Date "2018.02.28"]
[Round "1"]
[White "Ter Gevorkian, Giannis"]
[Black "Poulos, Georgios"]
[Result "0-1"]
[WhiteElo "1498"]
[BlackElo "2047"]
[PlyCount "76"]
[EventDate "2018.02.28"]
[EventType "swiss"]
[EventRounds "7"]
[EventCountry "GRE"]
[SourceTitle "EXT 2019"]
[Source "ChessBase"]
[SourceDate "2018.10.10"]
[SourceVersion "1"]
[SourceVersionDate "2018.10.10"]
[SourceQuality "1"]

1. e4 c5 2. Nf3 d6 3. d4 cxd4 4. Nxd4 Nf6 5. Nc3 g6 6. Be2 Bg7 7. Be3 0-0 8. 0-0 Nc6 9. f4 Qb6 10. Na4 Qa5 11. Nc3 Qb4 12. a3 Qa5 13. Nb3 Qc7 14. Bf3 Na5 15. Nb5 Qd8 16. e5 Ne8 17. Bxa7 Nxb3 18. cxb3 Qa5 19. Qe2 Rxa7 20. Nxa7 Qxa7+ 21. Kh1 dxe5 22. fxe5 Nc7 23. Rac1 Ne6 24. Rfd1 Qb8 25. Re1 Nd4 26. Qe3 Nxf3 27. gxf3 Bd7 28. Qc5 e6 29. Qc7 Bc6 30. Qxb8 Bxf3+ 31. Kg1 Rxb8 32. Rc4 Rd8 33. Kf2 Bc6 34. b4 Bf8 35. Rc2 Be7 36. Kg1 Rd5 37. b3 Bh4 38. Re3 Rd1+ 0-1